Environmental Protection Act 1990, Part IIA Contaminated Land (Record no. 109978)
[ view plain ]
| 000 -LEADER | |
|---|---|
| fixed length control field | 01551cad a22002535a 4500 |
| 001 - CONTROL NUMBER | |
| control field | E148264 |
| 008 - FIXED-LENGTH DATA ELEMENTS--GENERAL INFORMATION | |
| fixed length control field | 090825s2007 xxk f s000 0 eng d |
| 020 ## - INTERNATIONAL STANDARD BOOK NUMBER | |
| International Standard Book Number | 9780755970582 |
| 035 ## - SYSTEM CONTROL NUMBER | |
| System control number | (Sirsi) u148264 |
| 041 0# - LANGUAGE CODE | |
| Language code of text/sound track or separate title | eng |
| 050 04 - LIBRARY OF CONGRESS CALL NUMBER | |
| Classification number | 333.73 $2 18 |
| 110 2# - MAIN ENTRY--CORPORATE NAME | |
| Corporate name or jurisdiction name as entry element | Scotland |
| Subordinate unit | Scottish Government |
| 9 (RLIN) | 5344 |
| 245 00 - TITLE STATEMENT | |
| Title | Environmental Protection Act 1990, Part IIA Contaminated Land |
| Remainder of title | The Radioactive Contaminated Land (Scotland) Regulations 2007, statutory guidance |
| Medium | [electronic resource] |
| 260 ## - PUBLICATION, DISTRIBUTION, ETC. | |
| Place of publication, distribution, etc. | Edinburgh |
| Name of publisher, distributor, etc. | Scottish Government |
| Date of publication, distribution, etc. | 2007 |
| 505 2# - FORMATTED CONTENTS NOTE | |
| Formatted contents note | Introduction -- Annex 1: policy regarding radioactive contaminated Land -- Annex 2: a description of the regime for radioactive contaminated land -- Annex 3: statutory guidance: chapter A, statutory guidance on the definition of radioactive contaminated land; chapter B, statutory guidance on the identification of radioactive contaminated land -- Annex 4: glossary of terms |
| 520 ## - SUMMARY, ETC. | |
| Summary, etc. | Sets out detailed guidance to the Scottish Environmental Protection Agency (SEPA) in carrying out duties resulting from the extension of the contaminated land regime to include radioactivity. The statutory guidance applies only to SEPA. |
| 521 ## - TARGET AUDIENCE NOTE | |
| Target audience note | Advanced |
| 590 ## - LOCAL NOTE (RLIN) | |
| Local note | KA |
| 650 24 - SUBJECT ADDED ENTRY--TOPICAL TERM | |
| Topical term or geographic name entry element | RADIOACTIVE CONTAMINATED LAND (SCOTLAND) REGULATIONS 2007 |
| 651 #4 - SUBJECT ADDED ENTRY--GEOGRAPHIC NAME | |
| Geographic name | Scotland |
| Chronological subdivision | 1999- |
| 690 ## - LOCAL SUBJECT ADDED ENTRY--TOPICAL TERM (OCLC, RLIN) | |
| Topical term or geographic name as entry element | PROPERTY-RURAL AND NATURAL ASSETS-LAND-CONTAMINATED LAND |
| 856 48 - ELECTRONIC LOCATION AND ACCESS | |
| Uniform Resource Identifier | <a href="https://www.scotland.gov.uk/Publications/2008/03/31102033/0">https://www.scotland.gov.uk/Publications/2008/03/31102033/0</a> |
| Public note | View the guidance free of charge at www.scotland.gov.uk... |
| 942 ## - ADDED ENTRY ELEMENTS (KOHA) | |
| Suppress in OPAC | 0 |
| Withdrawn status | Lost status | Source of classification or shelving scheme | Damaged status | Not for loan | Home library | Current library | Shelving location | Date acquired | Total Checkouts | Full call number | Barcode | Date last seen | Copy number | Price effective from | Koha item type |
|---|---|---|---|---|---|---|---|---|---|---|---|---|---|---|---|
| Dewey Decimal Classification | Virtual | Virtual | Online | 25/08/2009 | ONLINE PUBLICATION | 148264-2001 | 06/08/2019 | 1 | 06/08/2019 | Book |